Radca spotrebiteľa Príloha Hospodárskych novín

Zákon č. 634/1992 Zb. o ochrane spotrebiteľa. Sebaochrana spotrebiteľa. Spôsoby ošetrovania textilných výrobkov. Smernica na nepriamy predaj. Predaj na trhovisku. Kontrola kvality a zdravotnej bezchybnosti výrobkov. Reklamácie. Práva a povinnosti nájomníkov bytu. Ohrievače vody.

Guardado en:
Detalles Bibliográficos
Formato: Capítulo de libro
Lenguaje:eslovaco
Materias:
Etiquetas: Agregar Etiqueta
Sin Etiquetas, Sea el primero en etiquetar este registro!

MARC

LEADER 00000naa a2200000 4500
001 r018386
005 20221205102026.9
041 0 |a slo 
044 |a SK 
245 1 0 |a Radca spotrebiteľa  |b Príloha Hospodárskych novín 
520 |a Zákon č. 634/1992 Zb. o ochrane spotrebiteľa. Sebaochrana spotrebiteľa. Spôsoby ošetrovania textilných výrobkov. Smernica na nepriamy predaj. Predaj na trhovisku. Kontrola kvality a zdravotnej bezchybnosti výrobkov. Reklamácie. Práva a povinnosti nájomníkov bytu. Ohrievače vody. 
610 2 0 |a Slovensko 
610 2 0 |a spotrebitelia 
610 2 0 |a ochrana spotrebiteľa 
610 2 0 |a výrobky textilné 
610 2 0 |a predaj 
610 2 0 |a kvalita výrobkov 
610 2 0 |a trhoviská 
610 2 0 |a reklamácie 
610 2 0 |a hospodárstvo bytové 
610 2 0 |a zákony 
610 2 0 |a 1992 
610 2 0 |a smernice